<?xml version="1.0" encoding="UTF-8"?>
<record
    xmlns:xsi="http://www.w3.org/2001/XMLSchema-instance"
    xsi:schemaLocation="http://www.loc.gov/MARC21/slim http://www.loc.gov/standards/marcxml/schema/MARC21slim.xsd"
    xmlns="http://www.loc.gov/MARC21/slim">

  <leader>02248nam0a22004811  4500</leader>
  <controlfield tag="001">RU\NLR\A1\PETRI\521</controlfield>
  <controlfield tag="005">20260406161624.0</controlfield>
  <datafield tag="035" ind1=" " ind2=" ">
    <subfield code="a">(NLR Aleph) 009685528</subfield>
  </datafield>
  <datafield tag="090" ind1=" " ind2=" ">
    <subfield code="a">9717434</subfield>
    <subfield code="c">9717434</subfield>
  </datafield>
  <datafield tag="100" ind1=" " ind2=" ">
    <subfield code="a">20260119              rusy50        </subfield>
  </datafield>
  <datafield tag="101" ind1="0" ind2=" ">
    <subfield code="a">rus</subfield>
  </datafield>
  <datafield tag="102" ind1=" " ind2=" ">
    <subfield code="a">RU</subfield>
  </datafield>
  <datafield tag="135" ind1=" " ind2=" ">
    <subfield code="a">crcn 024anaba</subfield>
  </datafield>
  <datafield tag="200" ind1="1" ind2=" ">
    <subfield code="a">&#x423;&#x43A;&#x430;&#x437; &#x43E; &#x43D;&#x43E;&#x432;&#x43E;&#x438; &#x43C;&#x430;&#x43D;&#x435;&#x442;&#x435;</subfield>
  </datafield>
  <datafield tag="210" ind1=" " ind2=" ">
    <subfield code="a">&#x41F;&#x435;&#x447;&#x430;&#x442;&#x430;&#x43D; &#x432; &#x421;&#x430;&#x43D;&#x43A;&#x442;&#x44A;&#x43F;&#x438;&#x442;&#x435;&#x440;&#x431;&#x443;&#x440;&#x433;&#x435;</subfield>
    <subfield code="d">15 &#x43C;&#x430;&#x440;&#x442;&#x430; 1718</subfield>
  </datafield>
  <datafield tag="215" ind1=" " ind2=" ">
    <subfield code="a">1 &#x43B;.</subfield>
  </datafield>
  <datafield tag="304" ind1=" " ind2=" ">
    <subfield code="a">&#x423;&#x43A;&#x430;&#x437; &#x434;&#x430;&#x43D; &#x41F;&#x435;&#x442;&#x440;&#x43E;&#x43C; I &#x432; &#x41F;&#x440;&#x435;&#x43E;&#x431;&#x440;&#x430;&#x436;&#x435;&#x43D;&#x441;&#x43A;&#x43E;&#x43C; 14 &#x444;&#x435;&#x432;&#x440;. 1718 &#x433;.</subfield>
  </datafield>
  <datafield tag="307" ind1=" " ind2=" ">
    <subfield code="a">&#x420;&#x430;&#x437;&#x43C;&#x435;&#x440; &#x43D;&#x430;&#x431;&#x43E;&#x440;&#x430; 91 x 109 &#x43C;&#x43C;</subfield>
  </datafield>
  <datafield tag="316" ind1=" " ind2=" ">
    <subfield code="a">&#x412; &#x44D;&#x43A;&#x437;. &#x420;&#x41D;&#x411; &#x440;&#x443;&#x43A;&#x43E;&#x43F;. &#x437;&#x430;&#x43F;&#x438;&#x441;&#x44C; &#x43E; &#x442;&#x43E;&#x43C;, &#x447;&#x442;&#x43E; &#x432; &#x41F;&#x435;&#x442;&#x435;&#x440;&#x431;&#x443;&#x440;&#x433;&#x441;&#x43A;&#x443;&#x44E; &#x433;&#x443;&#x431;&#x435;&#x440;&#x43D;&#x441;&#x43A;&#x443;&#x44E; &#x43A;&#x430;&#x43D;&#x446;&#x435;&#x43B;&#x44F;&#x440;&#x438;&#x44E; &#x43F;&#x440;&#x438;&#x43D;&#x44F;&#x442;&#x43E; 29 &#x43F;&#x435;&#x447;&#x430;&#x442;&#x43D;&#x44B;&#x445; &#x43B;&#x438;&#x441;&#x442;&#x43E;&#x432; "24 &#x43C;&#x430;&#x440;&#x442;&#x430; 18 &#x433;&#x43E;&#x434;&#x443;"; &#x43F;&#x43E;&#x434;&#x43F;&#x438;&#x441;&#x44C; &#x43F;&#x43E;&#x434;&#x44A;&#x44F;&#x447;&#x435;&#x433;&#x43E; &#x410;&#x441;&#x442;&#x430;&#x444;&#x435;&#x43D;&#x430; &#x41A;&#x43E;&#x43D;&#x438;&#x449;&#x435;&#x432;&#x430;.</subfield>
    <subfield code="5">&#x41F;-283</subfield>
  </datafield>
  <datafield tag="321" ind1="1" ind2=" ">
    <subfield code="a">&#x421;&#x41A; 1708-1725 283</subfield>
  </datafield>
  <datafield tag="325" ind1="1" ind2=" ">
    <subfield code="a">&#x41A;&#x43E;&#x43F;&#x438;&#x44F; &#x434;&#x43E;&#x441;&#x442;&#x443;&#x43F;&#x43D;&#x430; &#x432; &#x44D;&#x43B;&#x435;&#x43A;&#x442;&#x440;&#x43E;&#x43D;&#x43D;&#x43E;&#x439; &#x431;&#x438;&#x431;&#x43B;&#x438;&#x43E;&#x442;&#x435;&#x43A;&#x435; &#x420;&#x41D;&#x411;</subfield>
  </datafield>
  <datafield tag="518" ind1="1" ind2=" ">
    <subfield code="a">&#x423;&#x43A;&#x430;&#x437; &#x43E; &#x43D;&#x43E;&#x432;&#x43E;&#x439; &#x43C;&#x43E;&#x43D;&#x435;&#x442;&#x435;</subfield>
  </datafield>
  <datafield tag="620" ind1=" " ind2=" ">
    <subfield code="d">&#x421;&#x430;&#x43D;&#x43A;&#x442;-&#x41F;&#x435;&#x442;&#x435;&#x440;&#x431;&#x443;&#x440;&#x433;</subfield>
  </datafield>
  <datafield tag="702" ind1=" " ind2="0">
    <subfield code="4">720</subfield>
    <subfield code="8">rus</subfield>
    <subfield code="7">ca</subfield>
    <subfield code="a">&#x41F;&#x435;&#x442;&#x440;</subfield>
    <subfield code="c">&#x438;&#x43C;&#x43F;&#x435;&#x440;&#x430;&#x442;&#x43E;&#x440; &#x440;&#x43E;&#x441;&#x441;&#x438;&#x439;&#x441;&#x43A;&#x438;&#x439;</subfield>
    <subfield code="d">I</subfield>
    <subfield code="f">1672-1725</subfield>
    <subfield code="3">RU\NLR\AUTH\778862</subfield>
    <subfield code="9">118743</subfield>
  </datafield>
  <datafield tag="702" ind1=" " ind2="1">
    <subfield code="a">&#x41A;&#x43E;&#x43D;&#x438;&#x449;&#x435;&#x432;</subfield>
    <subfield code="b">&#x410;.</subfield>
    <subfield code="g">&#x410;&#x441;&#x442;&#x430;&#x444;&#x435;&#x43D;</subfield>
    <subfield code="4">570</subfield>
  </datafield>
  <datafield tag="712" ind1="0" ind2="2">
    <subfield code="a">&#x421;&#x430;&#x43D;&#x43A;&#x442;-&#x41F;&#x435;&#x442;&#x435;&#x440;&#x431;&#x443;&#x440;&#x433;&#x441;&#x43A;&#x430;&#x44F; &#x442;&#x438;&#x43F;&#x43E;&#x433;&#x440;&#x430;&#x444;&#x438;&#x44F;</subfield>
    <subfield code="4">610</subfield>
  </datafield>
  <datafield tag="801" ind1=" " ind2="0">
    <subfield code="a">RU</subfield>
    <subfield code="b">NLR</subfield>
    <subfield code="c">20000517</subfield>
  </datafield>
  <datafield tag="852" ind1=" " ind2=" ">
    <subfield code="a">NLR</subfield>
    <subfield code="j">&#x41F;-283</subfield>
  </datafield>
  <datafield tag="856" ind1=" " ind2="0">
    <subfield code="u">http://vivaldi.nlr.ru/bx000018153/view</subfield>
  </datafield>
  <datafield tag="856" ind1=" " ind2="1">
    <subfield code="u">http://vivaldi.nlr.ru/bx000018153/cover</subfield>
  </datafield>
  <datafield tag="856" ind1=" " ind2="2">
    <subfield code="u">http://vivaldi.nlr.ru/bx000018153/text</subfield>
  </datafield>
  <datafield tag="901" ind1=" " ind2=" ">
    <subfield code="e">&#x41A;&#x43D;&#x438;&#x436;&#x43D;&#x44B;&#x435; &#x438;&#x437;&#x434;&#x430;&#x43D;&#x438;&#x44F;</subfield>
  </datafield>
  <datafield tag="942" ind1=" " ind2=" ">
    <subfield code="c">BOOK</subfield>
  </datafield>
  <datafield tag="980" ind1=" " ind2=" ">
    <subfield code="a">NB</subfield>
  </datafield>
  <datafield tag="980" ind1="3" ind2=" ">
    <subfield code="a">kpcivil</subfield>
  </datafield>
  <datafield tag="980" ind1="3" ind2=" ">
    <subfield code="a">kp</subfield>
  </datafield>
  <datafield tag="980" ind1=" " ind2=" ">
    <subfield code="a">A1XVIIIv</subfield>
  </datafield>
  <datafield tag="980" ind1=" " ind2=" ">
    <subfield code="a">A1PetrI</subfield>
  </datafield>
  <datafield tag="981" ind1="1" ind2="6">
    <subfield code="a">(16) &#x417;&#x430;&#x43A;&#x43E;&#x43D;&#x43E;&#x434;&#x430;&#x442;&#x435;&#x43B;&#x44C;&#x43D;&#x44B;&#x435; &#x430;&#x43A;&#x442;&#x44B; &#x420;&#x43E;&#x441;&#x441;&#x438;&#x439;&#x441;&#x43A;&#x43E;&#x439; &#x438;&#x43C;&#x43F;&#x435;&#x440;&#x438;&#x438;</subfield>
  </datafield>
  <datafield tag="981" ind1="2" ind2="0">
    <subfield code="a">(20) &#x41A;&#x43D;&#x438;&#x436;&#x43D;&#x44B;&#x435; &#x43F;&#x430;&#x43C;&#x44F;&#x442;&#x43D;&#x438;&#x43A;&#x438; &#x420;&#x41D;&#x411;</subfield>
    <subfield code="b">(20) &#x41E;&#x442;&#x434;&#x435;&#x43B; &#x440;&#x435;&#x434;&#x43A;&#x438;&#x445; &#x43A;&#x43D;&#x438;&#x433;</subfield>
  </datafield>
</record>
